Statystyki dla Kraje z największą ilością zarejestrowanych piłkarzy

Kliknij tutaj aby rozwiązać quiz!

Ogólne statystyki

  • Ten quiz został rozwiązany 14 509 razy
  • Średni wynik to 7 z 10

Statystyki odpowiedzi

#Państwo% Poprawnych
2,142,000Brazylia
92%
1,795,000Francja
92%
6,309,000Niemcy
91%
4,187,000Stany Zjednoczone
80%
1,514,000Włochy
77%
1,486,000Anglia
73%
866,000Kanada
50%
1,045,000Japonia
48%
1,139,000Holandia
46%
1,469,000Republika
Południowej Afryki
20%

Rozkład punktacji

Percentyl według liczby udzielonych odpowiedzi

Procent ludzi z każdym wynikiem

Twoja historia wyników

Nie rozwiązałeś tego quizu